Pays ayant le Russe pour langue officielle - Statistiques

Statistiques générales
  • Ce quiz a été pris 292 fois
  • Le résultat moyen est 4 sur 5
Statistiques - réponses
Pays % Correct
Russie
100%
Biélorussie
94%
Kazakhstan
86%
Kirghizistan
67%
Tadjikistan
67%
Aucun quiz correspondant
Distribution des résultats
% des personnes avec chaque résultat
Percentile par nombre de réponses
Votre historique - résultats
Vous n’avez pas pris ce quiz